[Event "Pula op 31st"]
[Site "Pula"]
[Date "2017.09.13"]
[Round "6"]
[White "Vasic, Bosko M"]
[Black "Ciganovic, Nikola"]
[Result "0-1"]
[WhiteElo "2152"]
[BlackElo "2238"]
[PlyCount "72"]
[EventDate "2017.09.09"]
[EventType "swiss"]
[EventRounds "9"]
[EventCountry "CRO"]
[SourceTitle "CBM 180 Extra"]
[Source "ChessBase"]
[SourceDate "2017.10.06"]
[SourceVersion "1"]
[SourceVersionDate "2017.10.06"]
[SourceQuality "1"]

1. e4 e5 2. Nf3 Nc6 3. Bc4 Nf6 4. Ng5 d5 5. exd5 b5 6. Bf1 Nxd5 7. Bxb5 Bb7 8. d4 Be7 9. Nf3 exd4 10. Nxd4 Qd6 11. 0-0 0-0-0 12. Bxc6 Bxc6 13. Nxc6 Qxc6 14. Qf3 Qxc2 15. Nc3 Nxc3 16. bxc3 Qd3 17. Qa8+ Kd7 18. Qxa7 Ra8 19. Qe3 Qxe3 20. Bxe3 Bf6 21. Bd4 Bxd4 22. Rfd1 c5 23. cxd4 c4 24. Kf1 Kd6 25. a4 Ra5 26. Rab1 Rxa4 27. Rb6+ Kc7 28. Rb5 Rc8 29. d5 Kd6 30. Rb6+ Kc5 31. Rb7 c3 32. Rxf7 c2 33. Rc1 Kxd5 34. Rxg7 Rb4 35. Ke2 Re4+ 36. Kf3 Rc3# 0-1

[Event "Pula op 31st"]
[Site "Pula"]
[Date "2017.09.11"]
[Round "3"]
[White "Vasic, Bosko M"]
[Black "Petran, Peter"]
[Result "0-1"]
[WhiteElo "2152"]
[BlackElo "2301"]
[PlyCount "123"]
[EventDate "2017.09.09"]
[EventType "swiss"]
[EventRounds "9"]
[EventCountry "CRO"]
[SourceTitle "CBM 180 Extra"]
[Source "ChessBase"]
[SourceDate "2017.10.06"]
[SourceVersion "1"]
[SourceVersionDate "2017.10.06"]
[SourceQuality "1"]

1. e4 g6 2. d4 Bg7 3. Nc3 d6 4. f4 a6 5. Nf3 b5 6. Bd3 Nd7 7. Ne2 c5 8. c3 Bb7 9. 0-0 Qb6 10. Kh1 Ngf6 11. Ng3 e6 12. Be3 Qc7 13. f5 gxf5 14. exf5 e5 15. Ng5 h6 16. N5e4 c4 17. Bc2 0-0-0 18. a4 h5 19. h4 Ng4 20. Bg5 exd4 21. cxd4 Bh6 22. Bxh6 Rxh6 23. d5 Ne3 24. Qd2 Nxf1 25. Qxh6 Nxg3+ 26. Nxg3 Bxd5 27. axb5 axb5 28. Be4 Bb7 29. Qxh5 Nc5 30. Bxb7+ Qxb7 31. f6 b4 32. Qg4+ Kc7 33. Qxc4 Kb8 34. Ra5 Rh8 35. Rb5 Rxh4+ 36. Qxh4 Qxb5 37. Qd4 Kc7 38. Qd5 Qe8 39. Kh2 b3 40. Kg1 Qe2 41. Kh2 Qe8 42. Qf3 Qe5 43. Qf2 Kd7 44. Kg1 Ke6 45. Ne2 Nd3 46. Qf3 Nc5 47. Nf4+ Kd7 48. Nd5 Qxb2 49. Qg4+ Kc6 50. Ne7+ Kb5 51. Qf3 Qd4+ 52. Kh2 b2 53. Qc6+ Kb4 54. Nd5+ Kb3 55. Qb5+ Kc2 56. Qe2+ Kc1 57. Qe1+ Qd1 58. Qc3+ Kb1 59. Ne3 Qd3 60. Qe1+ Ka2 61. Qf2 Qa3 62. Qd2 0-1

[Event "Pula op 30th"]
[Site "Pula"]
[Date "2016.09.17"]
[Round "9"]
[White "Krsnik Cohar, Ivan Vihor"]
[Black "Vasic, Bosko M"]
[Result "1-0"]
[WhiteElo "2330"]
[BlackElo "2090"]
[PlyCount "91"]
[EventDate "2016.09.10"]
[EventType "swiss"]
[EventRounds "9"]
[EventCountry "CRO"]
[SourceTitle "CBM 174 Extra"]
[Source "ChessBase"]
[SourceDate "2016.10.10"]
[SourceVersion "1"]
[SourceVersionDate "2016.10.10"]
[SourceQuality "1"]

1. d4 Nf6 2. Nf3 e6 3. Bg5 c5 4. e3 b6 5. Nbd2 Bb7 6. c3 Be7 7. Bd3 0-0 8. Qe2 d6 9. 0-0 Nbd7 10. e4 Ng4 11. Bf4 e5 12. Bg3 Bf6 13. h3 Nh6 14. Nc4 Qe7 15. dxe5 dxe5 16. Rad1 Kh8 17. Ne3 Rad8 18. Nd5 Bxd5 19. exd5 g6 20. d6 Qe6 21. Bc4 Qf5 22. Rfe1 Rfe8 23. Qe3 Bg7 24. Ng5 f6 25. Nf3 Qc2 26. Rd2 Qa4 27. Qd3 Qc6 28. Bb5 Qc8 29. Qc4 Qb7 30. Qa4 Rf8 31. b4 Nf5 32. Bc6 Qc8 33. b5 Nb8 34. Red1 a5 35. Bh2 Bh6 36. Rd3 Qe6 37. d7 Ne7 38. Rd6 Qf7 39. Rxf6 Qg8 40. Bxe5 Bg7 41. Rxf8 Qxf8 42. Bxb8 Rxb8 43. Ng5 Rd8 44. Ne6 Qg8 45. Nxd8 Qxd8 46. Qe4 1-0

[Event "Pula-ch"]
[Site "Pula"]
[Date "2015.02.09"]
[Round "8"]
[White "Fercec, Nenad"]
[Black "Vasic, Bosko M"]
[Result "1-0"]
[WhiteElo "2438"]
[BlackElo "2116"]
[PlyCount "57"]
[EventDate "2015.01.15"]
[EventType "swiss"]
[EventRounds "9"]
[EventCountry "CRO"]
[SourceTitle "EXT 2016"]
[Source "ChessBase"]
[SourceDate "2015.10.08"]
[SourceVersion "1"]
[SourceVersionDate "2015.10.08"]
[SourceQuality "1"]

1. e4 c5 2. Nf3 d6 3. d4 cxd4 4. Nxd4 Nf6 5. Nc3 a6 6. Be3 e5 7. Nb3 Be6 8. h3 Be7 9. Qf3 0-0 10. 0-0-0 Nbd7 11. g4 Rc8 12. Nd5 Bxd5 13. exd5 Nb6 14. g5 Qc7 15. c3 Ne8 16. Bd3 Nc4 17. h4 b5 18. Kb1 a5 19. Rc1 a4 20. Nd2 Qb7 21. h5 Nxe3 22. fxe3 Bd8 23. Qf5 g6 24. hxg6 fxg6 25. Qe6+ Qf7 26. Qxc8 Qxd5 27. Be4 Qxd2 28. Qe6+ Kg7 29. Rxh7+ 1-0

[Event "Pula-ch"]
[Site "Pula"]
[Date "2015.01.29"]
[Round "5"]
[White "Vasic, Bosko M"]
[Black "Marceta, Milan"]
[Result "1-0"]
[WhiteElo "2116"]
[BlackElo "2012"]
[PlyCount "97"]
[EventDate "2015.01.15"]
[EventType "swiss"]
[EventRounds "9"]
[EventCountry "CRO"]
[SourceTitle "EXT 2016"]
[Source "ChessBase"]
[SourceDate "2015.10.08"]
[SourceVersion "1"]
[SourceVersionDate "2015.10.08"]
[SourceQuality "1"]

1. e4 c5 2. Nf3 Nc6 3. Nc3 d6 4. d4 cxd4 5. Nxd4 Nf6 6. Bc4 e6 7. Be3 Be7 8. Qe2 a6 9. a4 0-0 10. Bb3 Bd7 11. f4 Qa5 12. 0-0 Rac8 13. Kh1 Qb4 14. Rad1 Qa5 15. h3 Qh5 16. Qxh5 Nxh5 17. Kh2 g6 18. g4 Ng7 19. f5 Bf6 20. fxe6 Be5+ 21. Kg2 Bxe6 22. Bd5 Rc7 23. Nde2 Nb4 24. Rd2 Nxd5 25. exd5 Bd7 26. Bd4 f5 27. g5 Re8 28. a5 Nh5 29. Rf3 Rc4 30. b3 Rcc8 31. Nd1 f4 32. c4 Bf5 33. Nf2 Rcd8 34. Rc3 Bxd4 35. Nxd4 Re3 36. Rc1 Rg3+ 37. Kh2 Rxg5 38. b4 Rf8 39. c5 Rg3 40. Nxf5 gxf5 41. Nd3 Rf3 42. cxd6 Rd8 43. Ne5 Re3 44. d7 Kg7 45. Rc8 Rxd7 46. Nxd7 f3 47. Rcc2 f4 48. Nc5 Ng3 49. Ne6+ 1-0

[Event "CRO-chT3 West"]
[Site "Croatia"]
[Date "2010.03.28"]
[Round "2.33"]
[White "Vasic, Bosko M"]
[Black "Marceta, Milan"]
[Result "1/2-1/2"]
[WhiteElo "2137"]
[BlackElo "2097"]
[PlyCount "161"]
[EventDate "2010.03.27"]
[EventType "team-tourn"]
[EventRounds "9"]
[EventCountry "CRO"]
[SourceTitle "EXT 2012"]
[Source "ChessBase"]
[SourceDate "2011.11.24"]
[SourceVersion "1"]
[SourceVersionDate "2011.11.24"]
[SourceQuality "1"]

1. e4 e5 2. Nf3 Nc6 3. Bb5 a6 4. Ba4 Nf6 5. d3 b5 6. Bb3 Be7 7. c3 0-0 8. 0-0 d5 9. Qe2 dxe4 10. dxe4 Bg4 11. h3 Bh5 12. Rd1 Bd6 13. Bg5 Na5 14. Bc2 h6 15. Bh4 g5 16. Bg3 Qe7 17. Nbd2 Nb7 18. Nf1 Nc5 19. Ne3 Bg6 20. Nf5 Bxf5 21. exf5 e4 22. Nd4 Bxg3 23. fxg3 Ncd7 24. Qe3 Rae8 25. a4 Nd5 26. Qe2 N7f6 27. axb5 axb5 28. Bb3 b4 29. cxb4 Nxb4 30. Kh2 c5 31. Nb5 Qe5 32. Ra7 Nc6 33. Ra4 Rd8 34. Rxd8 Rxd8 35. Qc4 Rd7 36. Nc3 Nd4 37. Ra5 Nxb3 38. Qxb3 Rd3 39. Ra7 Qxg3+ 40. Kh1 Nd7 41. Qb7 Re3 42. Ra1 Re1+ 43. Rxe1 Qxe1+ 44. Kh2 Nf6 45. Qc8+ Kg7 46. Qxc5 Qd2 47. b4 Qf4+ 48. Kh1 e3 49. b5 Qf1+ 50. Kh2 e2 51. Nxe2 Qxe2 52. b6 Nd7 53. f6+ Kxf6 54. Qc8 Ke7 55. b7 Qb5 56. Kh1 Qb6 57. g3 h5 58. Kg2 h4 59. gxh4 gxh4 60. Kf1 Qb3 61. Ke2 f5 62. Qc7 Qb2+ 63. Ke1 Qb4+ 64. Ke2 Qb5+ 65. Ke3 Ke6 66. Qc8 Qe5+ 67. Kf2 Ke7 68. Kf1 Qg3 69. Ke2 f4 70. Qh8 f3+ 71. Kd1 f2 72. Qh7+ Ke6 73. Ke2 Nf6 74. Qh8 Nd7 75. Qe8+ Kd6 76. b8Q+ Nxb8 77. Qxb8+ Ke7 78. Qa7+ Ke6 79. Qxf2 Qxh3 80. Qe3+ Qxe3+ 81. Kxe3 1/2-1/2

[Event "CRO-chT3 West"]
[Site "Croatia"]
[Date "2010.03.27"]
[Round "1.32"]
[White "Vasic, Bosko M"]
[Black "Racki, Barbara"]
[Result "0-1"]
[WhiteElo "2137"]
[BlackElo "1698"]
[PlyCount "40"]
[EventDate "2010.03.27"]
[EventType "team-tourn"]
[EventRounds "9"]
[EventCountry "CRO"]
[SourceTitle "EXT 2012"]
[Source "ChessBase"]
[SourceDate "2011.11.24"]
[SourceVersion "1"]
[SourceVersionDate "2011.11.24"]
[SourceQuality "1"]

1. e4 e5 2. Nf3 Nc6 3. Bb5 a6 4. Ba4 Nf6 5. d3 b5 6. Bb3 Be7 7. c3 0-0 8. Bd5 Nxd5 9. exd5 Na7 10. Nxe5 Bb7 11. Qf3 Bd6 12. Ng4 f5 13. Ne3 f4 14. Nc2 Qe8+ 15. Kd1 Qf7 16. c4 c6 17. Nc3 cxd5 18. Nxd5 Kh8 19. Bd2 Nc8 20. Qh5 Qxh5+ 0-1

[Event "Pula op"]
[Site "Pula"]
[Date "2009.06.30"]
[Round "5"]
[White "Vasic, Bosko M"]
[Black "Schmidt Schaeffer, Sebastian"]
[Result "0-1"]
[WhiteElo "2158"]
[BlackElo "2382"]
[PlyCount "92"]
[EventDate "2009.06.27"]
[EventType "swiss"]
[EventRounds "9"]
[EventCountry "CRO"]
[SourceTitle "CBM 131 Extra"]
[Source "ChessBase"]
[SourceDate "2009.09.03"]
[SourceVersion "2"]
[SourceVersionDate "2009.09.16"]
[SourceQuality "1"]

1. e4 d6 2. d4 Nf6 3. Nc3 Nbd7 4. f4 e5 5. Nf3 exd4 6. Nxd4 Nc5 7. Bd3 g6 8. 0-0 Bg7 9. Nde2 0-0 10. Ng3 Ng4 11. Nce2 c6 12. Kh1 h5 13. Rf3 h4 14. Nf1 Re8 15. Nd2 f5 16. exf5 Qe7 17. Ng1 Bxf5 18. Bxf5 gxf5 19. Nf1 Ne4 20. Nh3 d5 21. c3 Nd6 22. Be3 Nc4 23. Bg1 Qe2 24. b3 Nd6 25. Rc1 b5 26. Bf2 Qxa2 27. Rc2 Qxb3 28. c4 Nxf2+ 29. Nxf2 Qa4 30. cxd5 c5 31. Nd3 Ne4 32. Ne3 Rad8 33. Rf1 Ng3+ 34. hxg3 Rxe3 35. Nxc5 Qd4 36. Qxd4 Bxd4 37. Ne6 Rxd5 38. Nxd4 Rxd4 39. gxh4 b4 40. Rc5 b3 41. Rxf5 Rb4 42. Rc5 b2 43. Rb1 Ra3 44. Re5 Ra1 45. Ree1 Rxb1 46. Rxb1 a5 0-1

[Event "Pula op 22nd"]
[Site "Pula"]
[Date "2008.06.24"]
[Round "5"]
[White "Orak, Ljubomir"]
[Black "Vasic, Bosko M"]
[Result "1-0"]
[WhiteElo "2315"]
[BlackElo "2158"]
[PlyCount "97"]
[EventDate "2008.06.21"]
[EventType "swiss"]
[EventRounds "9"]
[EventCountry "CRO"]
[SourceTitle "CBM 125 Extra"]
[Source "ChessBase"]
[SourceDate "2008.09.01"]
[SourceVersion "1"]
[SourceVersionDate "2008.09.01"]
[SourceQuality "1"]

1. e4 e5 2. Nf3 d6 3. d4 Nf6 4. Nc3 Nbd7 5. Bc4 h6 6. 0-0 Be7 7. Re1 c6 8. a4 0-0 9. a5 Re8 10. h3 Qc7 11. d5 cxd5 12. Bxd5 a6 13. Be3 Bf8 14. Qd2 Nc5 15. b4 Ne6 16. Bb6 Qd7 17. Bb3 Qe7 18. Be3 Bd7 19. Nd5 Nxd5 20. exd5 Nd8 21. c4 f5 22. c5 Qf6 23. c6 Bc8 24. c7 Nf7 25. Bb6 Bd7 26. Rac1 Be7 27. Qd1 Rf8 28. Ba4 Bc8 29. b5 axb5 30. Bxb5 Ng5 31. Nxg5 Qxg5 32. Rc3 Qh4 33. Qa4 f4 34. Bd7 Qh5 35. Bxc8 Rfxc8 36. Qd7 Bf8 37. g3 g5 38. gxf4 gxf4 39. Kh2 Kh8 40. Rg1 Qe8 41. Qf5 Bg7 42. Rcc1 Qg8 43. Qd7 Qf8 44. Rg6 e4 45. Qxd6 e3 46. fxe3 fxe3 47. Qxf8+ Rxf8 48. Re6 Kg8 49. Rxe3 1-0

[Event "CRO Cup 17th"]
[Site "Sibenik"]
[Date "2008.05.22"]
[Round "2"]
[White "Vasic, Bosko M"]
[Black "Bockaj, Ivan"]
[Result "1-0"]
[WhiteElo "2158"]
[BlackElo "2044"]
[PlyCount "79"]
[EventDate "2008.05.21"]
[EventType "swiss"]
[EventRounds "5"]
[EventCountry "CRO"]
[SourceTitle "CBM 124 Extra"]
[Source "ChessBase"]
[SourceDate "2008.07.03"]
[SourceVersion "1"]
[SourceVersionDate "2008.07.03"]
[SourceQuality "1"]

1. d4 d5 2. Nf3 Nf6 3. Bf4 e6 4. e3 Bd6 5. Bd3 Bxf4 6. exf4 0-0 7. 0-0 b6 8. Re1 c5 9. c3 Nc6 10. Nbd2 cxd4 11. cxd4 Bd7 12. Nf1 Ne7 13. h4 Rc8 14. Ne5 g6 15. g4 Kg7 16. Ng3 Nc6 17. g5 Ne8 18. Nxc6 Rxc6 19. h5 f6 20. hxg6 hxg6 21. Bxg6 fxg5 22. Bd3 Rh8 23. Re5 Nf6 24. fxg5 Ne8 25. Qg4 Kf8 26. Rae1 Ng7 27. Kg2 Be8 28. Rh1 Rxh1 29. Kxh1 Ke7 30. g6 Kd6 31. Kg2 Qf6 32. Nh5 Nxh5 33. Rxh5 Rc7 34. Rh7 Rg7 35. Rxg7 Qxg7 36. Kg3 Ke7 37. Qh4+ Kf8 38. Qf4+ Ke7 39. Qc7+ Kf8 40. Qd6+ 1-0

[Event "Pula op"]
[Site "Pula"]
[Date "2007.06.24"]
[Round "2"]
[White "Krumpacnik, Domen"]
[Black "Vasic, Bosko M"]
[Result "1-0"]
[WhiteElo "2406"]
[BlackElo "2163"]
[PlyCount "103"]
[EventDate "2007.06.23"]
[EventType "swiss"]
[EventRounds "9"]
[EventCountry "CRO"]
[SourceTitle "CBM 119 Extra"]
[Source "ChessBase"]
[SourceDate "2007.09.04"]
[SourceVersion "1"]
[SourceVersionDate "2007.09.04"]
[SourceQuality "1"]

1. d4 Nf6 2. c4 d6 3. Nc3 c6 4. e4 e5 5. Nf3 Qc7 6. h3 Be7 7. Be2 0-0 8. 0-0 Re8 9. Re1 Nbd7 10. Bf1 Nf8 11. b4 Ng6 12. Rb1 h6 13. d5 cxd5 14. Nb5 Qb8 15. exd5 Bf5 16. Rb3 a5 17. Ra3 axb4 18. Rxa8 Qxa8 19. Nc7 Qxa2 20. Nxe8 Nxe8 21. Re2 Qxc4 22. Rxe5 Qc2 23. Qxc2 Bxc2 24. Re2 Bd1 25. Rb2 b3 26. Nd4 Bf6 27. Rd2 Bxd4 28. Rxd4 Bc2 29. Rb4 Nf6 30. Bc4 Ne5 31. Bf1 Nxd5 32. Rxb7 Nc3 33. Bb2 Na4 34. Bxe5 dxe5 35. Bc4 b2 36. Bxf7+ Kh7 37. Ba2 Kg6 38. Kf1 Kf5 39. Rb4 Bd3+ 40. Ke1 Nc3 41. Rxb2 e4 42. Bg8 h5 43. Bh7+ Kf4 44. Rb7 g5 45. Rf7+ Ke5 46. Rf5+ Kd4 47. Rxg5 Nd5 48. Rxh5 Nf4 49. Rg5 Bc4 50. h4 Nd3+ 51. Kf1 Kc3 52. Kg1 1-0

[Event "Bosnjaci op-A 12th"]
[Site "Bosnjaci"]
[Date "2006.01.08"]
[Round "9"]
[White "Dabo Peranic, Robert"]
[Black "Vasic, Bosko M"]
[Result "0-1"]
[WhiteElo "2262"]
[BlackElo "2223"]
[PlyCount "110"]
[EventDate "2006.01.03"]
[EventType "swiss"]
[EventRounds "9"]
[EventCountry "CRO"]
[SourceTitle "CBM 110 Extra"]
[Source "ChessBase"]
[SourceDate "2006.03.10"]
[SourceVersion "2"]
[SourceVersionDate "2006.03.10"]
[SourceQuality "1"]

1. e4 e5 2. f4 exf4 3. Nf3 h6 4. b3 Nf6 5. Qe2 d6 6. Bb2 Be7 7. Nc3 0-0 8. 0-0-0 c5 9. d4 cxd4 10. Nxd4 Bg4 11. Nf3 Nc6 12. Qd2 Ne5 13. Qxf4 Bxf3 14. gxf3 Nfg4 15. Qg3 Bh4 16. Qg2 Ne3 17. Qe2 Nxd1 18. Nxd1 Ng6 19. Rg1 Bf6 20. Ba3 Qa5 21. Bb2 Bxb2+ 22. Kxb2 Qe5+ 23. c3 Rfc8 24. Qd2 b5 25. Ne3 b4 26. Bc4 bxc3+ 27. Qxc3 Qxc3+ 28. Kxc3 Ne7 29. f4 Kh7 30. Kd3 Rf8 31. Nd5 Nxd5 32. Bxd5 Rac8 33. b4 Rc7 34. b5 Rc5 35. Rb1 f5 36. b6 axb6 37. Rxb6 Rd8 38. Kd4 Ra5 39. exf5 Ra4+ 40. Ke3 Ra3+ 41. Kd4 Rh3 42. Rb2 h5 43. Be6 Rh4 44. Ke3 d5 45. Rd2 d4+ 46. Ke4 Rh3 47. Bd5 d3 48. a4 Rb8 49. Bc4 Rb4 50. Kd5 Rxa4 51. Bxd3 Kh6 52. Bc2 Ra5+ 53. Ke4 Ra6 54. Bd1 h4 55. Bf3 Ra4+ 0-1

[Event "Bosnjaci op-A 12th"]
[Site "Bosnjaci"]
[Date "2006.01.07"]
[Round "7"]
[White "Krstic, Uros"]
[Black "Vasic, Bosko M"]
[Result "1-0"]
[WhiteElo "2350"]
[BlackElo "2223"]
[PlyCount "51"]
[EventDate "2006.01.03"]
[EventType "swiss"]
[EventRounds "9"]
[EventCountry "CRO"]
[SourceTitle "CBM 110 Extra"]
[Source "ChessBase"]
[SourceDate "2006.03.10"]
[SourceVersion "2"]
[SourceVersionDate "2006.03.10"]
[SourceQuality "1"]

1. e4 e5 2. Nf3 Nf6 3. Nc3 Nc6 4. g3 d5 5. exd5 Nxd5 6. Bg2 Nb6 7. 0-0 Be7 8. Re1 Bg4 9. h3 Bxf3 10. Bxf3 f6 11. a4 a5 12. Nb5 0-0 13. d4 Rb8 14. c3 exd4 15. Bf4 Bd6 16. Bxd6 cxd6 17. Nxd4 Nxd4 18. Qxd4 Qc7 19. Re6 Rbd8 20. Rae1 Rd7 21. Bd1 Nc8 22. Bb3 Kh8 23. Bc2 Rdf7 24. Re8 Nb6 25. Bb3 d5 26. R1e7 1-0

[Event "Bosnjaci op-A 12th"]
[Site "Bosnjaci"]
[Date "2006.01.07"]
[Round "8"]
[White "Vasic, Bosko M"]
[Black "Rukavina, Dario"]
[Result "0-1"]
[WhiteElo "2223"]
[BlackElo "2225"]
[PlyCount "44"]
[EventDate "2006.01.03"]
[EventType "swiss"]
[EventRounds "9"]
[EventCountry "CRO"]
[SourceTitle "CBM 110 Extra"]
[Source "ChessBase"]
[SourceDate "2006.03.10"]
[SourceVersion "2"]
[SourceVersionDate "2006.03.10"]
[SourceQuality "1"]

1. d4 Nf6 2. Bg5 e6 3. e4 h6 4. Bxf6 Qxf6 5. Nc3 d6 6. Nf3 a6 7. Qd2 g5 8. 0-0-0 g4 9. Ng1 h5 10. Kb1 Bh6 11. Qe1 Nc6 12. Nce2 Bd7 13. h3 0-0-0 14. hxg4 hxg4 15. d5 Bg7 16. Nc3 Rxh1 17. dxc6 Bxc6 18. Nge2 Qg5 19. Nd4 Bxd4 20. Rxd4 Qe5 21. Rc4 Bb5 22. Nxb5 axb5 0-1

[Event "Bosnjaci op-A 12th"]
[Site "Bosnjaci"]
[Date "2006.01.06"]
[Round "6"]
[White "Vasic, Bosko M"]
[Black "Ivekovic, Mario"]
[Result "1/2-1/2"]
[WhiteElo "2223"]
[BlackElo "2330"]
[PlyCount "150"]
[EventDate "2006.01.03"]
[EventType "swiss"]
[EventRounds "9"]
[EventCountry "CRO"]
[SourceTitle "CBM 110 Extra"]
[Source "ChessBase"]
[SourceDate "2006.03.10"]
[SourceVersion "2"]
[SourceVersionDate "2006.03.10"]
[SourceQuality "1"]

1. d4 g6 2. e4 c6 3. Nc3 d5 4. e5 h5 5. Nf3 Bg4 6. Be2 Bxf3 7. Bxf3 e6 8. Ne2 Nh6 9. 0-0 Nf5 10. g3 Be7 11. c3 Nd7 12. b4 a5 13. a3 b5 14. Rb1 Nb6 15. Nf4 axb4 16. axb4 Ra2 17. h4 Qa8 18. Re1 Qa4 19. Nd3 Kd7 20. Rb3 Ra8 21. Kg2 Nc4 22. Nb2 Qa7 23. Nxc4 bxc4 24. Rb2 Qa4 25. Qd2 Rxb2 26. Bxb2 Qb5 27. Ra1 Rxa1 28. Bxa1 Qa4 29. Qc1 Bf8 30. Bb2 Bh6 31. Qb1 Ne7 32. Bd1 Qa6 33. f4 Nf5 34. Kf3 Bf8 35. Bc1 Be7 36. Qb2 Bd8 37. Bd2 Ne7 38. Be1 Nc8 39. g4 hxg4+ 40. Kxg4 Na7 41. Bd2 Nb5 42. Bc1 Be7 43. Bd2 Qa8 44. Be1 Qh8 45. Kh3 Qh7 46. Qf2 Bd8 47. Bg4 Nc7 48. Kg2 Ne8 49. Qg3 Ng7 50. Bf2 Nh5 51. Qf3 Be7 52. b5 cxb5 53. f5 exf5 54. Qxd5+ Ke8 55. Bxh5 Qxh5 56. Qa8+ Bd8 57. Qc6+ Kf8 58. d5 Qg4+ 59. Kf1 Qh3+ 60. Kg1 Qg4+ 61. Kf1 Qh3+ 62. Kg1 Bxh4 63. Bxh4 Qxh4 64. e6 Qe1+ 65. Kh2 fxe6 66. d6 Qe2+ 67. Kg1 Qd1+ 68. Kf2 Qd2+ 69. Kf1 Qf4+ 70. Kg1 Qg3+ 71. Kf1 Qd3+ 72. Kf2 f4 73. Qc8+ Kf7 74. d7 Qg3+ 75. Kf1 Qf3+ 1/2-1/2

[Event "Porec op"]
[Site "Porec"]
[Date "2005.12.01"]
[Round "1"]
[White "Videkovic, Marina"]
[Black "Vasic, Bosko M"]
[Result "0-1"]
[WhiteElo "1966"]
[BlackElo "2223"]
[PlyCount "102"]
[EventDate "2005.12.01"]
[EventType "swiss"]
[EventRounds "7"]
[EventCountry "CRO"]
[SourceTitle "CBM 109 Extra"]
[Source "ChessBase"]
[SourceDate "2006.01.03"]
[SourceVersion "2"]
[SourceVersionDate "2006.01.03"]
[SourceQuality "1"]

1. d4 d5 2. Nf3 a6 3. e3 Nf6 4. c4 dxc4 5. Bxc4 b5 6. Be2 Bb7 7. 0-0 e6 8. Nbd2 Be7 9. Nb3 0-0 10. Ne5 Nfd7 11. Nxd7 Nxd7 12. Bf3 Bxf3 13. Qxf3 c5 14. dxc5 Nxc5 15. Nxc5 Bxc5 16. Rd1 Qa5 17. Bd2 Bb4 18. Bxb4 Qxb4 19. b3 Rac8 20. Rd7 Rc2 21. g3 Qa3 22. Rad1 h6 23. Rd8 Rc8 24. Rxc8 Rxc8 25. Rd7 Rf8 26. Qe2 Rc8 27. Ra7 Rc5 28. Ra8+ Kh7 29. Qd3+ Rf5 30. e4 Rf6 31. e5+ Rf5 32. Qc2 h5 33. Ra7 Kh6 34. Qd2+ Kg6 35. Qc2 Qb4 36. f4 h4 37. Qf2 Kh7 38. Ra8 g5 39. Rb8 h3 40. Qe3 Kg7 41. fxg5 Qg4 42. Rd8 Rf3 43. Qe1 Qxg5 44. Rd2 Qf5 45. Rd1 Qc2 46. Qd2 Qf5 47. Qe2 b4 48. Rf1 Rxf1+ 49. Qxf1 Qxf1+ 50. Kxf1 Kg6 51. Kf2 Kf5 0-1